| 000 | 00596nam a2200217Ia 4500 | ||
|---|---|---|---|
| 008 | 191119s9999 xx 000 0 und d | ||
| 020 | _a978-621-406-158-7 | ||
| 050 | _aFIL GV 341 | ||
| 050 | _b.C53 2018 | ||
| 100 | _aClaravall, Drolly P. | ||
| 245 | 0 | _aPhysical education 1 : | |
| 245 | 0 | _bmovement enhancement / | |
| 245 | 0 | _cDrolly P. Claravall. | |
| 260 | _aPhilippines : | ||
| 260 | _bMindshapers, | ||
| 260 | _c2018 | ||
| 300 | _a105 pages : | ||
| 300 | _c23 cm. | ||
| 500 | _aIncludes bibliographic references. | ||
| 650 | _aPhysical education and training -- Philippines. | ||
| 999 |
_c363107 _d363107 |
||